[Event "Tapolca"]
[Site "Budapest"]
[Date "1989.??.??"]
[Round "?"]
[White "Kumric, D."]
[Black "Madl, Ildiko"]
[Result "0-1"]
[WhiteElo "2200"]
[BlackElo "2270"]
[PlyCount "80"]
[EventDate "1989.??.??"]
[EventType "tourn"]
[EventRounds "15"]
[EventCountry "HUN"]
[EventCategory "3"]
[SourceTitle "EXT 1997"]
[Source "ChessBase"]
[SourceDate "1996.11.15"]
[SourceVersion "1"]
[SourceVersionDate "1996.11.15"]
[SourceQuality "1"]

1. b3 d5 2. Bb2 Nf6 3. Nf3 e6 4. e3 Be7 5. c4 0-0 6. Be2 Ne4 7. 0-0 Bf6 8. Qc2 Nc6 9. d3 Nb4 10. Qc1 Nc5 11. Bxf6 Qxf6 12. d4 Ne4 13. Nbd2 Nxd2 14. Qxd2 Nc6 15. Rac1 Bd7 16. b4 dxc4 17. Bxc4 Rfd8 18. b5 Ne7 19. Qe2 Be8 20. Rb1 Ng6 21. Bd3 c6 22. a4 Qe7 23. Rfc1 Qa3 24. Rc2 Rac8 25. Ra2 Qd6 26. Nd2 e5 27. Bf5 Rc7 28. Ne4 Qe7 29. dxe5 Qxe5 30. Bxg6 hxg6 31. Ng3 Qd5 32. Nf1 Qe4 33. Rab2 Qxa4 34. b6 axb6 35. Rxb6 c5 36. Rxb7 Rxb7 37. Rxb7 Bc6 38. Rb1 Qe4 39. Qf3 Qxb1 40. Qxc6 Qc1 0-1

[Event "Tapolca"]
[Site "Budapest"]
[Date "1989.??.??"]
[Round "?"]
[White "Kumric, D."]
[Black "Payen, Arnaud"]
[Result "0-1"]
[WhiteElo "2200"]
[BlackElo "2240"]
[PlyCount "98"]
[EventDate "1989.??.??"]
[EventType "tourn"]
[EventRounds "15"]
[EventCountry "HUN"]
[EventCategory "3"]
[SourceTitle "EXT 1997"]
[Source "ChessBase"]
[SourceDate "1996.11.15"]
[SourceVersion "1"]
[SourceVersionDate "1996.11.15"]
[SourceQuality "1"]

1. b3 e5 2. Bb2 d6 3. c4 g6 4. d4 Nd7 5. dxe5 dxe5 6. g3 Bg7 7. Bg2 Ne7 8. Nc3 0-0 9. e3 f5 10. Bd5+ Nxd5 11. Qxd5+ Kh8 12. Nge2 c6 13. Qd2 Qe7 14. 0-0-0 e4 15. h4 Nc5 16. Nf4 Re8 17. Qd6 Nd3+ 18. Rxd3 exd3 19. Qxd3 Rd8 20. Qe2 Kg8 21. h5 g5 22. Nd3 h6 23. Na4 b6 24. Rd1 Be6 25. Kb1 Bxb2 26. Naxb2 Bf7 27. g4 fxg4 28. Qxg4 Qe6 29. Qf3 Rd7 30. Rg1 Kh8 31. c5 Rad8 32. cxb6 axb6 33. Rc1 c5 34. e4 Bg8 35. Re1 Bh7 36. Qe2 Rd4 37. f3 Re8 38. Qh2 Bg8 39. Rc1 Bf7 40. Ka1 Kg8 41. Rg1 Ra8 42. Ne1 Qd7 43. f4 Rd2 44. Rg2 Rxg2 45. Qxg2 Bxh5 46. f5 Rd8 47. Ned3 Qd4 48. e5 Qe3 49. Qc2 Be2 0-1

[Event "Tapolca"]
[Site "Budapest"]
[Date "1989.??.??"]
[Round "?"]
[White "Magyar, Otto"]
[Black "Kumric, D."]
[Result "1/2-1/2"]
[WhiteElo "2325"]
[BlackElo "2200"]
[PlyCount "80"]
[EventDate "1989.??.??"]
[EventType "tourn"]
[EventRounds "15"]
[EventCountry "HUN"]
[EventCategory "3"]
[SourceTitle "EXT 1997"]
[Source "ChessBase"]
[SourceDate "1996.11.15"]
[SourceVersion "1"]
[SourceVersionDate "1996.11.15"]
[SourceQuality "1"]

1. e4 c5 2. Nf3 d6 3. d4 cxd4 4. Nxd4 Nf6 5. Nc3 a6 6. Be3 e5 7. Nb3 Be6 8. Be2 Be7 9. 0-0 Nbd7 10. f3 Nb6 11. Re1 0-0 12. Bf2 Qc7 13. Nd2 Rfd8 14. Bd3 d5 15. exd5 Nbxd5 16. Nxd5 Nxd5 17. Nb3 f6 18. Re2 Nf4 19. Rd2 Bxb3 20. axb3 Nxd3 21. Rxd3 Rxd3 22. Qxd3 Rd8 23. Qe2 Qd7 24. Be3 f5 25. Kf1 Bf6 26. Bb6 Rc8 27. c3 Rc6 28. Rd1 Qe6 29. Bd8 Qxb3 30. Bxf6 Rxf6 31. Rd8+ Rf8 32. Rxf8+ Kxf8 33. Qxe5 Qd1+ 34. Kf2 Qd2+ 35. Qe2 Qd7 36. Qe3 Kf7 37. f4 Qe6 38. Qd4 b5 39. b4 Kg6 40. h3 Kf7 1/2-1/2

[Event "Tapolca"]
[Site "Budapest"]
[Date "1989.??.??"]
[Round "?"]
[White "Samovojska, Damir"]
[Black "Kumric, D."]
[Result "1-0"]
[WhiteElo "2365"]
[BlackElo "2200"]
[PlyCount "57"]
[EventDate "1989.??.??"]
[EventType "tourn"]
[EventRounds "15"]
[EventCountry "HUN"]
[EventCategory "3"]
[SourceTitle "EXT 1997"]
[Source "ChessBase"]
[SourceDate "1996.11.15"]
[SourceVersion "1"]
[SourceVersionDate "1996.11.15"]
[SourceQuality "1"]

1. Nf3 d5 2. b4 Nf6 3. Bb2 Bf5 4. e3 e6 5. a3 Nbd7 6. Be2 Be7 7. Nh4 Bg6 8. Nxg6 hxg6 9. f4 c5 10. b5 c4 11. 0-0 0-0 12. Bd4 Bc5 13. Bxc5 Nxc5 14. Qe1 Nfe4 15. d3 Qf6 16. Ra2 Nd6 17. Nd2 cxd3 18. cxd3 Nxb5 19. Nf3 Nd6 20. g4 Qe7 21. Qg3 f6 22. Kh1 Nd7 23. Bd1 f5 24. Rb2 fxg4 25. Qxg4 Nf5 26. Re1 Nf6 27. Qxg6 Qxa3 28. Rxb7 Qxd3 29. Rxg7+ 1-0

[Event "Tapolca"]
[Site "Budapest"]
[Date "1989.??.??"]
[Round "?"]
[White "Szalanczy, Emil"]
[Black "Kumric, D."]
[Result "1-0"]
[WhiteElo "2400"]
[BlackElo "2200"]
[PlyCount "103"]
[EventDate "1989.??.??"]
[EventType "tourn"]
[EventRounds "15"]
[EventCountry "HUN"]
[EventCategory "3"]
[SourceTitle "EXT 1997"]
[Source "ChessBase"]
[SourceDate "1996.11.15"]
[SourceVersion "1"]
[SourceVersionDate "1996.11.15"]
[SourceQuality "1"]

1. e4 c5 2. Nf3 d6 3. d4 cxd4 4. Nxd4 Nf6 5. Nc3 a6 6. Be3 e5 7. Nb3 Be6 8. Qd2 Be7 9. f3 Nbd7 10. 0-0-0 b5 11. Kb1 0-0 12. g4 Nb6 13. g5 Nh5 14. Nd5 Nxd5 15. exd5 Bd7 16. Na5 Qc7 17. Bd3 Rfc8 18. Be4 Bf8 19. Rhg1 g6 20. Nc6 a5 21. c3 Qb7 22. Rc1 Be8 23. h4 b4 24. c4 Rxc6 25. dxc6 Bxc6 26. Bxc6 Qxc6 27. Qd5 Qa6 28. c5 dxc5 29. Rgd1 Nf4 30. Bxf4 exf4 31. Qc4 Qb7 32. Rd5 a4 33. Rcd1 Qe7 34. Rd7 Qe8 35. Qxf4 a3 36. Qe4 Qb8 37. b3 Qh2 38. R1d2 Qb8 39. Kc2 Qc8 40. Qc4 Qe8 41. f4 Bg7 42. Qe2 Bd4 43. Qe7 Qxe7 44. Rxe7 Rf8 45. Rde2 Ra8 46. Rc7 Kg7 47. Ree7 Rf8 48. Kd3 h6 49. gxh6+ Kxh6 50. Rxf7 Rxf7 51. Rxf7 Kh5 52. f5 1-0